000
00286nam a2200121Ia 4500
005
20251222144806.0
008
251222s9999||||xx |||||||||||||| ||spa||
082
_a
278.9/P27
100
_a
Passarelli, Gaetano
245
0
_a
Por amor del Señor:
264
_b
Cittá Nuova
942
_c
LIB
999
_c
19903
_d
19903